MARC

LEADER 00000nam0a2200000 4500
001 262828
005 20231101233704.0
020 |a RU  |b 83-40458 
035 |a (RuTPU)RU\TPU\book\285811 
090 |a 262828 
100 |a 20140604d1983 k y0rusy5003 ca 
101 0 |a rus 
102 |a RU 
105 |a a z 001zy 
200 1 |a Методы экспериментальной ядерной физики в исследованиях процессов и продуктов деления  |e сборник статей  |f Московский инженерно-физический институт (МИФИ) ; под ред. В. М. Колобашкина 
210 |a Москва  |c Энергоатомиздат  |d 1983 
215 |a 144 с.  |c ил. 
320 |a Библиография в конце статей 
606 1 |a Ядерные исследования  |x Приборы  |2 stltpush  |3 (RuTPU)RU\TPU\subj\21609  |9 46567 
610 1 |a экспериментальные методы 
610 1 |a изотопы урана 
610 1 |a продукты деления 
610 1 |a детекторы 
610 1 |a типы 
610 1 |a бета-излучения 
610 1 |a гамма-излучения 
610 1 |a сцинтилляторы 
610 1 |a ферромагнетики 
675 |a 539.1.07  |v 3 
702 1 |a Колобашкин  |b В. М.  |g Виктор Михайлович  |4 340 
712 0 2 |a Московский инженерно-физический институт (МИФИ)  |c (1953-2009)  |2 stltpush  |3 (RuTPU)RU\TPU\col\105 
801 0 |a RU  |b RuMRKP  |c 19950704  |g psbo 
801 1 |a RU  |b 63413507  |c 20140604 
801 2 |a RU  |b 63413507  |c 20180531  |g RCR 
942 |c BK